| 000 | 01070cam a22003257a 4500 | ||
|---|---|---|---|
| 003 | CHAP | ||
| 005 | 20220329142047.0 | ||
| 008 | 990518d1995 mx r 10110 spa d | ||
| 010 | _a77824 | ||
| 011 | _a78796 | ||
| 035 | _a88873 | ||
| 040 | _cCHAP | ||
| 090 | _aFolleto 15372 | ||
| 111 | 0 | 0 |
_aCongreso Nacional Agropecuario y Forestal _d(1995 : _cChapingo, Méx.) _926891 |
| 245 | 1 | 3 |
_bResolutivos _c/por UACH |
| 260 |
_aChapingo, Méx. : _bUACH, _c1995. |
||
| 300 | _a19 p. | ||
| 590 |
_aBATCH-UPD _b10 _c20130110 _lUCH01 _h0821 |
||
| 590 |
_aBATCH-UPD _b10 _c20130410 _lUCH01 _h0458 |
||
| 590 |
_aBATCH-UPD _b10 _c20130914 _lUCH01 _h0720 |
||
| 590 |
_aCONVERSION _b10 _c20130109 _lUCH01 _h1343 |
||
| 650 | 1 | 4 |
_aAgricultura _xCongresos _zMexico. _91377 |
| 650 | 1 | 4 |
_aBosques _xCongresos. _914116 |
| 650 | 1 | 4 |
_aEducación agrícola _zMéxico. _935552 |
| 901 | _aBK | ||
| 905 | _aAlejandra Carrasco M. | ||
| 942 | _cFOLL | ||
| 949 |
_aFolleto 15372 _bBC _cCONG _d33724000723680 _eCONG _fc.2 _h95298 _i88873 _sb |
||
| 949 |
_aFolleto 15372 _bBC _cUACH _d33724000723565 _eUACH _i88873 _sb |
||
| 999 |
_c77824 _d77824 |
||